000 00890nam a22002537a 4500
001 7395
003 FISKH
005 20260310090711.0
008 250711b cb ||||| |||| 00| 0 eng d
020 _a9780439443883
040 _aFISKH
_beng
_cFISKH
_dFISKH
050 _aQA248 .T365
082 _a510
100 _aTang, Greg
245 _aMath-terpieces :
_bThe art of problem-solving /
_cGreg Tang ; illustrated by Greg Paprocki
260 _aNew York :
_bScholastic,
_c2003.
300 _a31 pages :
_bcolor illustrations ;
_c27 cm
505 _aNP
520 _aA series of rhymes about artists and their works introduces counting and grouping numbers, as well as such artistic styles as cubism, pointillism, and surrealism.
650 _aArt appreciation
_vProblem Solving
_xPicture Book
700 _aPaprocki, Greg
_eillustrator
942 _2ddc
_cBK
_n0
999 _c7395
_d7395